| 000 | 00516 a2200169 4500 | ||
|---|---|---|---|
| 003 | NUST | ||
| 005 | 20251022115257.0 | ||
| 040 | _cNust | ||
| 082 | _a621.382,ISL | ||
| 100 |
_aZahid, Capt. Jawad (TE-42) _9131407 |
||
| 245 |
_aDevelopment of a cognitive platform based on software defined Radio / _cCapt. Jawad Zahid.NC Saad Islam, NC Fatima Ajmal, NC Salman Ali. (TE-42) |
||
| 260 |
_aRawalpindi _bMCS _c2009 |
||
| 300 | _a93 p.; | ||
| 650 |
_aUG Projects _998716 |
||
| 651 |
_aTE-42 _9131408 |
||
| 942 |
_cPR _2ddc |
||
| 999 |
_c183905 _d183905 |
||